Inštitucionálne a legislatívne predpoklady rozvoja úverového trhu na Slovensku

Prekážky rozvoja slovenského úverového trhu. Možnosti zefektívnenia úverového trhu na Slovensku.

Guardado en:
Detalles Bibliográficos
Autor principal: Záturecká, Anna
Otros Autores: Medveď, Jozef
Formato: Capítulo de libro
Lenguaje:eslovaco
Materias:
Etiquetas: Agregar Etiqueta
Sin Etiquetas, Sea el primero en etiquetar este registro!

MARC

LEADER 00000naa$a2200000$$$4500
001 0060250
005 20230908102144.4
041 0 |a slo 
044 |a SK 
245 1 0 |a Inštitucionálne a legislatívne predpoklady rozvoja úverového trhu na Slovensku  |c Anna Záturecká, Jozef Medveď 
520 |a Prekážky rozvoja slovenského úverového trhu. Možnosti zefektívnenia úverového trhu na Slovensku. 
610 2 0 |a Slovensko 
610 2 0 |a úver 
610 2 0 |a legislatíva 
610 2 0 |a banky 
610 2 0 |a riziko úverové 
610 2 0 |a politika úverová 
100 1 |a Záturecká, Anna 
700 1 |a Medveď, Jozef